Country's by FIFA ranking - Statistics

General Stats
  • This quiz has been taken 26 times
  • The average score is 38 of 210
Answer Stats
Hint # Answer % Correct
Julian Alvarez 1 Argentina
94%
Vinicius jr 5 Brazil
94%
Jude Bellingham 4 England
94%
Kylian Mbappe 3 France
94%
Florian Wirtz 10 Germany
94%
Lamine Yamal 2 Spain
94%
Achraf Hakimi 12 Morocco
88%
Vitinha 7 Portugal
88%
Jeremy Doku 8 Belgium
82%
Luis Diaz 14 Colombia
82%
Josko Gvardiol 11 Croatia
82%
Takefusa Kubo 15 Japan
82%
Ryan Gravenberch 6 Netherlands
82%
Arda Guler 27 Turkey
82%
Manuel Ugarte 13 Uruguay
82%
Mortin Hjulmand 21 Denmark
76%
Nicolo Barella 9 Italy
76%
Erling Haaland 38 Norway
76%
Dusan Vlahovic 31 Serbia
76%
Omar Marmoush 32 Egypt
71%
Santiago Jimenez 17 Mexico
71%
Kang-in lee 23 South Korea
71%
Alexander Isak 28 Sweden
71%
Gregor Kobel 20 Switzerland
71%
Patrick Schick 39 Czechia
65%
Jakub Kiwior 34 Poland
65%
Alexandr Golovin 35 Russia
65%
Malik Tillman 16 USA
65%
Jonathan David 30 Canada
59%
Moises Caicedo 24 Ecuador
59%
Vangalis Pavlidis 40 Greece
59%
Mehdi Taremi 18 Iran
59%
Nicolas Jackson 19 Senegal
59%
Rayan Ait-Nouri 36 Algeria
53%
Konrad Laimer 22 Austria
53%
Kvicha Kvaratskhelia 68 Georgia
53%
Viktor Boniface 43 Nigeria
53%
Benjamin Sesko 51 Slovenia
53%
Milos Kerkez 37 Hungary
47%
Akram Afif 55 Qatar
47%
Stott Mctominay 44 Scotland
47%
Ilya Zabarnyi 25 Ukraine
47%
Brennan Johnson 29 Wales
47%
Albert Gudmundssun 74 Iceland
41%
Abdukodir Khusanov 57 Uzbekistan
41%
Bryan Mbeumo 50 Cameroon
35%
Leon Bailey 63 Jamaica
35%
Eljif Elmas 67 North Macedonia
35%
Julio Enciso 48 Paraguay
35%
Kristjan Allsani 66 Albania
29%
Edmond Tapsoba 64 Burkina Faso
29%
Mohammed Kudus 76 Ghana
29%
Dennis Man 45 Romania
29%
David Hancko 46 Slovakia
29%
Hannibal Mejbri 49 Tunisia
29%
Firas Al-Buraikan 58 Saudi Arabia
24%
Yangel Herrera 47 Venezuela
24%
Yoane Wissa 61 DR Congo
18%
Serhou Guirassy 82 Guinea
18%
Yves Bissouma 53 Mali
18%
Chris Wood 86 New-Zealand
18%
Yu-Song Kim 118 North Korea
18%
Ilia Gruev 85 Bulgaria
12%
Geoffrey Kondogbia 135 Central African Republic
12%
Juninho Bacuna 90 Curacao
12%
Karl Hein 121 Estonia
12%
Glen Kamara 69 Finland
12%
Nathan Collins 60 Ireland
12%
Oscar Gloukh 78 Israel
12%
Simon Adingra 41 Ivory Coast
12%
Allesandro Golinuci 210 San Marino
12%
Siyabonga Ngezana 56 South Africa
12%
Fedor Lapoukhov 98 Belarus
6%
Alexander Aravena 52 Chile
6%
Mario Lemina 79 Gabon
6%
Tjay de Bar 196 Gibraltar
6%
Luis Palma 75 Honduras
6%
Ali Al-Hamadi 59 Iraq
6%
Mousa Tamari 62 Jordan
6%
Albion Rrahmani 97 Kosovo
6%
Lars Traber 205 Liechtenstein
6%
Leandro Barriero 91 Luxembourg
6%
Oleg Reabciuk 154 Moldova
6%
Igor Vujacic 73 Montenegro
6%
Wessam Abou Ali 101 Palestine
6%
Amir Murillo 33 Panama
6%
Oliver Sonne 42 Peru
6%
Omid Popalzay 160 Afghanistan
0%
Troy Polamalu 186 American Samoa
0%
Cucu 173 Andorra
0%
Felicio Milson 87 Angola
0%
Germain Hughes 209 Anguilla
0%
Luther James-Wildin 159 Antigua & Barbuda
0%
Eduard Spertsyan 102 Armenia
0%
Walter Bennet 195 Aruba
0%
Allesandro Circati 26 Australia
0%
Toral Bayramov 119 Azerbaijan
0%
Christopher Rahming Jr 204 Bahamas
0%
Ali Madan 84 Bahrain
0%
Hamza Choudhury 183 Bangladesh
0%
Niall Reid-Stephen 176 Barbados
0%
Deshawon Nembhard 179 Belize
0%
Andreas Hountondji 95 Benin
0%
Zeiko Lewis 168 Bermuda
0%
Chencho Gyeltshen 182 Bhutan
0%
Miguelito 80 Bolivia
0%
Ermedin Demirovic 70 Bosnia & Herzgovina
0%
Thatayaone Ditlhokwe 136 Botswana
0%
Troy Caesar 207 British Virgin Islands
0%
Hakeme Yazid Said 185 Brueni
0%
Youssouf Ndayishimiye 140 Burundi
0%
Privat Mbarga 181 Cambodia
0%
Wagner Pina 72 Cape Verde
0%
Jacobbi Tugman 191 Cayman Islands
0%
Mahamat Thiam 177 Chad
0%
Serginho 94 China
0%
Jhon Benchy 166 Chinese Taipei
0%
Zaydou Youssouf 105 Comoros
0%
Chancel Mbemba 125 Congo
0%
Benjamin Mata 188 Cook Islands
0%
Manfred Ugalde 54 Costa Rica
0%
Jorge Aguirre 167 Cuba
0%
Loizos Loizou 129 Cyprus
0%
Jabir Abdihakim Ali 192 Djibouti
0%
Toby Jnohope 184 Dominica
0%
Pablo Rosario 139 Dominican Republic
0%
Gali Freitas 197 East Timor
0%
Brayan Gil 81 El Salvador
0%
Luis Asue 92 Equatorial Guinea
0%
Justice Figuareido 155 Eswatini
0%
Abubeker Nasir 147 Ethiopia
0%
Adrian Justinussen 141 Faroe Islands
0%
Merrill Nand 150 Fiji
0%
Yankuba Minteh 126 Gambia
0%
Regan Charles-Cook 174 Grenada
0%
Travis Nicklaw 202 Guam
0%
Aaron Herrera 106 Guatemala
0%
Franculino Dju 128 Guinea-Bissau
0%
Omari Glasgow 153 Guyana
0%
Frantzdy Pierrot 83 Haiti
0%
Shinichi Chan 152 Hong Kong
0%
Apuia 127 India
0%
Mees Hilgers 123 Indonesia
0%
Nuraly Alip 113 Kazakhstan
0%
Michael Olunga 111 Kenya
0%
Mohammed Daham 134 Kuwait
0%
Gulzhigit Alykulov 103 Kyrgyzstan
0%
Bounphachan Bounkong 190 Laos
0%
Kristers Tobers 138 Latvia
0%
Mostafa Matar 112 Lebanon
0%
Thabo Makhele 148 Lesotho
0%
Oscar Dorley 144 Liberia
0%
Muaid Ellafi 117 Libya
0%
Gvidas Gineitis 143 Lithuania
0%
Chi Seng Leung 193 Macau
0%
Loic Lapoussin 115 Madagascar
0%
Gabadinho Mhango 132 Malawi
0%
Imanol Machuca 131 Malaysia
0%
Ibrahim Aisham 164 Maldives
0%
Teddy Teuma 169 Malta
0%
Aboubakary Koita 110 Mauritania
0%
Dylan Collard 178 Mauritius
0%
Ganbold Ganbayar 187 Mongolia
0%
Nico Gorden 180 Monserrat
0%
Geny Catamo 96 Mozambique
0%
Kyaw min Oo 162 Myanmar
0%
Peter Shalulile 108 Namibia
0%
Rohit Chand 175 Nepal
0%
Joushua Sotirio 151 New Caledonia
0%
Junior Artega 133 Nicaragua
0%
Oumar Sako 122 Niger
0%
Trai Hume 71 Northern Ireland
0%
Muhsen Al-Ghassani 77 Oman
0%
Abdula Iqbal 198 Pakistan
0%
Alwin Komolong 171 Papua New Guinea
0%
Gerrit Holtmann 146 Philippines
0%
Jadon Servania 157 Puerto Rico
0%
Djihad Bizimana 130 Rwanda
0%
Kaleb De Groot-Green 189 Samoa
0%
Ronaldo Lumungo 194 Sao Tome and Principe
0%
Charmaine Hausl 203 Seychelles
0%
Juma Bah 124 Sierra leone
0%
Ikhsan Fandi 161 Singapore
0%
Raphael Lea'i 149 Solomon Islands
0%
Fahad Mohamed 201 Somalia
0%
Angufi Mudasiri 170 South Sudan
0%
Claudio Kammerknecht 200 Sri Lanka
0%
Tyreece Simpson 145 St Kitts & Nevis
0%
Terell Thomas 165 St Lucia
0%
Oalex Anderson 172 St Vincent & the Grenadines
0%
Abu Eisa 114 Sudan
0%
Kenneth Paal 137 Suriname
0%
Omar Khribin 93 Syria
0%
Mateo Degrumelle 156 Tahiti
0%
Rustam Yatimov 104 Tajikistan
0%
Novatus Moroshi 107 Tanzania
0%
Supachai Chaided 99 Thailand
0%
Kevin Denkey 120 Togo
0%
DJ Tuamoheloa 199 Tonga
0%
Levi Garcia 100 Trinidad & Tobago
0%
Teymur Charyyev 142 Turkmenistan
0%
Billy Forbes 206 Turks & Caicos Islands
0%
Fabio Lima 65 UAE
0%
Toby Sibbick 89 Uganda
0%
Joshua Ramos 208 US Virgin Islands
0%
Brian Kaltak 163 Vanuatu
0%
Jason Pendant 109 Vietnam
0%
Hawan Al-Zubaidi 158 Yemen
0%
Kings Kangwa 88 Zambia
0%
Marshall Munetsi 116 Zimbabwe
0%
No matching quizzes found
Score Distribution
Percent of People with Each Score
Percentile by Number Answered
Your Score History
You have not taken this quiz